Ειδική αγωγή, επαγγελματικός προσανατολισμός ατόμων με αναπηρία και αποασυλοποίηση

Αποθηκεύτηκε σε:
Λεπτομέρειες βιβλιογραφικής εγγραφής
Κύριος συγγραφέας: Παπάνης, Ευστράτιος Π., 1969-
Άλλοι συγγραφείς: Βίκη, Άννα, Γιαβρίμης, Παναγιώτης
Μορφή: Βιβλίο
Γλώσσα:Greek
Δημοσίευση: Μυτιλήνη : Ίδρυμα Κοινωνικής Πρόνοιας Αγιάσου Λέσβου "Η Θεομήτωρ", 2007.
Θέματα:
Ετικέτες: Προσθήκη ετικέτας
Δεν υπάρχουν, Καταχωρήστε ετικέτα πρώτοι!

MARC

LEADER 00000cam a2200000 i 4500
001 1/48574
008 140603s2007 gr | ||| |||| ||gre||
020 |a 9606315142 
035 |l 10117850 
040 |a GR-MY-UA  |b gre  |e aacr 
041 0 |a gre 
082 7 |a 371.9   |2 (23) 
100 1 |a Παπάνης, Ευστράτιος Π.,   |d 1969- 
245 1 0 |a Ειδική αγωγή, επαγγελματικός προσανατολισμός ατόμων με αναπηρία και αποασυλοποίηση /   |c συγγραφική ομάδα: Ευστράτιος Παπάνης, Παναγιώτης Γιαβρίμης, Αγνή Βίκη ; Ίδρυμα Κοινωνικής Πρόνοιας Αγιάσου Λέσβου "Η Θεομήτωρ" ; Διοίκηση Υγειονομικής Περιφέρειας Βορείου Αιγαίου 
260 |a Μυτιλήνη :   |b Ίδρυμα Κοινωνικής Πρόνοιας Αγιάσου Λέσβου "Η Θεομήτωρ",   |c 2007. 
300 |a 323 σ. ;   |c 25 εκ. 
504 |a Βιβλιογραφία :σ. 283. 
650 0 0 |a Children with disabilities  |x Education. 
650 0 0 |a People with disabilities  |x Employment. 
650 0 0 |a People with disabilities  |x Services for  |z Greece. 
700 1 |a Βίκη, Άννα. 
700 1 |a Γιαβρίμης, Παναγιώτης. 
852 |a INST  |b LESVOS  |e 20140603  |h 371.9 ΠΑΠ  |p 005100054308  |q 005100054308  |t BK  |y 0 
852 |a INST  |b RHODES  |e 20230524  |h 371.9 ΠΑΠ  |p 005400043575  |q 005400043575  |t BK  |y 0 
901 |a BIBL1-2014-2 
909 |a Λ  |b 189242 
970 |a ΤΖΑΦΕΡΗ  |b ΕΥΑΓΓΕΛΙΑ  |z 2014/06/04